Monitoreo ecológico y socioeconómico de los bosques del pacífico colombiano : (Registro nro. 19039)

Detalles MARC
000 -CABECERA
Campo de control 01011cam a2200241 a 4500
005 - FECHA Y HORA DE LA ULTIMA TRANSACCION
Campo de control 20191224042311.0
008 - ELEMENTOS DE LONGITUD FIJA—INFORMACION GENERAL
Campo de control 010814s2000 ck ab r 00010 spa d
040 ## - FUENTE DE CATALOGACIÓN
Agencia catalogadora original la
Agencia transcriptora la
Agencia Modificadora CO-BoIAVH
041 0# - IDIOMA
Código de idioma para texto/pista de sonido o título separado Español
044 ## - PAÍS DE PUBLICACIÓN
País de publicación Colombia
082 04 - NUMERO DE CLASIFICACION DECIMAL DEWEY
Número de clasificación 634.92
Número del ítem M74e
245 00 - MENCION DE TITULO
Título Monitoreo ecológico y socioeconómico de los bosques del pacífico colombiano :
Parte restante del título síntesis de proyectos.
Mención de responsabilidad editado por Luis Enrique Vega G.
260 ## - PUBLICACION, DISTRIBUCION, ETC. (PIE DE IMPRENTA)
Lugar de publicación, distribución, etc. Bogotá :
Nombre del editor, distribuidor, etc. Conif,
Fecha de publicación, distribución, etc. 2000.
300 ## - DESCRIPCION FISICA
Extensión 160 páginas :
Otros detalles físicos ilustraciones y mapas ;
Dimensiones 28 x 21 cm.
490 0# - MENCION DE SERIE
Mención de serie Serie de documentación ;
Designación numérica/secuencial del volumen 44
504 ## - NOTA DE BIBLIOGRAFIA, ETC.
Nota de bibliografía Incluye referencias bibliográficas..
610 20 - ASIENTO SECUNDARIO DE MATERIA - NOMBRE CORPORATIVO
Nombre corporativo o nombre de la jurisdicción como elemento de entrad Sistema de información de Monitoreo
Subdivisión geográfica Pacífico (Región, Colombia)
9 (RLIN) 76402
650 26 - ASIENTO SECUNDARIO DE MATERIA - TERMINO TEMATICO
Término temático o nombre geográfico como elemento de entrada Bosques
Subdivisión general Aspectos ecológicos
Subdivisión geográfica Pacífico (Región, Colombia)
Subdivisión de forma Proyectos.
9 (RLIN) 76403
650 26 - ASIENTO SECUNDARIO DE MATERIA - TERMINO TEMATICO
Término temático o nombre geográfico como elemento de entrada Bosques
Subdivisión general Aspectos socioeconómicos
Subdivisión geográfica Pacífico (Región, Colombia)
Subdivisión de forma Proyectos.
9 (RLIN) 76404
700 1# - ASIENTO SECUNDARIO - NOMBRE PERSONAL
Nombre personal Vega González, Luis Enrique
Término de relación editor
9 (RLIN) 7354
942 ## - ELEMENTOS ADICIONALES (KOHA)
Sistema de clasificación Dewey Decimal Classification
Tipo de ítem Libro
949 ## - LOCAL PROCESSING INFORMATION (OCLC)
a c
b c
Existencias
Withdrawn status Lost status Sistema de Clasificación Damaged status No para préstamo Colección Inventariado Ubicación Permanente Ubicación actual Fecha de adquisición Fuente de Valor Valor Total Checkouts Número topográfico Inventario / Código de Barras Date last seen Ejemplar Price effective from Forma de adquisición Tipo de material
    Dewey Decimal Classification     General Inventariado 2017 Bogotá Bogotá 19/09/2016 Instituto 39000.00   LB-634.92 M74e 009409 19/09/2016 Ej. 1 19/09/2016 Donación Libro